<?xml version="1.0" encoding="UTF-8"?><?xml-stylesheet type="text/xsl" href="static/style.xsl"?><OAI-PMH xmlns="http://www.openarchives.org/OAI/2.0/" xmlns:xsi="http://www.w3.org/2001/XMLSchema-instance" xsi:schemaLocation="http://www.openarchives.org/OAI/2.0/ http://www.openarchives.org/OAI/2.0/OAI-PMH.xsd"><responseDate>2026-04-13T00:05:51Z</responseDate><request verb="GetRecord" identifier="oai:www.recercat.cat:2445/159429" metadataPrefix="marc">https://recercat.cat/oai/request</request><GetRecord><record><header><identifier>oai:recercat.cat:2445/159429</identifier><datestamp>2025-12-04T22:32:31Z</datestamp><setSpec>com_2072_1057</setSpec><setSpec>col_2072_478917</setSpec><setSpec>col_2072_478931</setSpec></header><metadata><record xmlns="http://www.loc.gov/MARC21/slim" xmlns:dcterms="http://purl.org/dc/terms/" xmlns:xsi="http://www.w3.org/2001/XMLSchema-instance" xmlns:doc="http://www.lyncode.com/xoai" xsi:schemaLocation="http://www.loc.gov/MARC21/slim http://www.loc.gov/standards/marcxml/schema/MARC21slim.xsd">
   <leader>00925njm 22002777a 4500</leader>
   <datafield ind2=" " ind1=" " tag="042">
      <subfield code="a">dc</subfield>
   </datafield>
   <datafield ind2=" " ind1=" " tag="720">
      <subfield code="a">Redondo, Santiago</subfield>
      <subfield code="e">author</subfield>
   </datafield>
   <datafield ind2=" " ind1=" " tag="720">
      <subfield code="a">Martínez Catena, Ana</subfield>
      <subfield code="e">author</subfield>
   </datafield>
   <datafield ind2=" " ind1=" " tag="260">
      <subfield code="c">2020-05-08T15:22:20Z</subfield>
   </datafield>
   <datafield ind2=" " ind1=" " tag="260">
      <subfield code="c">2020-05-08T15:22:20Z</subfield>
   </datafield>
   <datafield ind2=" " ind1=" " tag="260">
      <subfield code="c">2011</subfield>
   </datafield>
   <datafield ind2=" " ind1=" " tag="260">
      <subfield code="c">2020-05-08T15:22:21Z</subfield>
   </datafield>
   <datafield ind2=" " ind1=" " tag="520">
      <subfield code="a">Este estudio analiza la relación entre participación de los agresores sexuales en un tratamiento y su disposición terapéutica. La perspectiva utilizada para ello es el modelo transteórico de Prochaska y DiClemente, que estructura la disposición al cambio de conducta en cuatro estadios: preconteplación, contemplación, acción y mantenimiento. La muestra evaluada se dividió en tres grupos: grupo pre-tratamiento, integrado por 67 agresores no tratados; grupo tratamiento, formado por 33 delincuentes sexuales que recibían tratamiento; y grupo seguimiento, compuesto por 19 agresores sexuales que habían finalizado el tratamiento. La evaluación de la disposición para el cambio de conducta se realizó mediante la Escala de Estadios de Cambio (SOCS). En consonancia con el modelo transtórico, los resultados evidenciaron una relativa correspondencia entre los diferentes momentos del tratamiento y los sucesivos estadios de cambio terapéutico. Se comenta la complejidad de este campo de análisis y las dificultades existentes para obtener resultados nítidos en la asociación tratamiento-cambio terapéutico.</subfield>
   </datafield>
   <datafield tag="653" ind2=" " ind1=" ">
      <subfield code="a">Delictes sexuals</subfield>
   </datafield>
   <datafield tag="653" ind2=" " ind1=" ">
      <subfield code="a">Terapèutica</subfield>
   </datafield>
   <datafield tag="653" ind2=" " ind1=" ">
      <subfield code="a">Sex crimes</subfield>
   </datafield>
   <datafield tag="653" ind2=" " ind1=" ">
      <subfield code="a">Therapeutics</subfield>
   </datafield>
   <datafield ind2="0" ind1="0" tag="245">
      <subfield code="a">Tratamiento y cambio terapéutico en agresores sexuales</subfield>
   </datafield>
</record></metadata></record></GetRecord></OAI-PMH>